MDQL
is popping MORE tags! Check the
thread
!
Quizzes
Events
Quiz Creation
Community
Videos
Private Events
Remove Ads
Sign In
Join for FREE
Feedback
Dark Mode
Quiz Categories
Sports
Geography
Music
Movies
Television
Just For Fun
Miscellaneous
History
Literature
Language
Science
Gaming
Entertainment
Religion
Holiday
For Kids
Quiz Lab
Recent
Popular Today
Quiz Kudos Today
Editor Picks
Curator Picks
Quizzes by...
Day
Popularity
Type
Ratings
Length
Year
Community
Subscriptions
Recent Discussions
Orange Saloon
Badges
Playlists
Quests
Create
Leaderboards
Showdown
Live 5
Trivia Bingo
Activity
Puzzle Library
Sporcle Events
Private Events
Virtual Trivia
Globe League
Become a Host
Pub Owners
SporcleCon
Opinionation
Our Games
Videos
Blog
Mobile Apps
Partnerships
Remove Ads and Go Orange
Feedback
Sports
Athletes
MLB
NBA
NHL
NFL
Soccer
Sports Teams
WWE
NCAA
Football
Premier League
Basketball
Baseball
Hockey
Golf
Tennis
Cricket
Rugby
Auto Racing
Olympics
World Cup
Sports
Athletes
MLB
NBA
NHL
NFL
Soccer
Sports Teams
WWE
NCAA
Football
Premier League
Basketball
Baseball
Hockey
Golf
Tennis
Cricket
Rugby
Auto Racing
Olympics
World Cup
Random Quiz
Search Sporcle
×
Quiz Lab
Quiz Lab
Sports
roh
Type in answers that appear in a list
Type in answers that appear in a list
Classic
Best Score? Go Orange.
ROH 2010-14 Shows Stats
Can you name the ROH Shows for 2010 to 2014?
By
Wedgewes
20m
119 Questions
112 Plays
112 Plays
112 Plays
Comments
Comments
Give Quiz Kudos
Give Quiz Kudos
-
- Ratings
hide this ad
More Info
Replay
Link that replays current quiz
Next Quiz
Link to next quiz in quiz playlist
You Got
0%
They Got
Avg Score
37%
Avg Friend Score
Upgrade to see
Score Distribution
Jump to the score distribution portion of the page
Score
0/119
Timer
20:00
0
Plays Today
Date, Location
Show
% Correct
12-
16-
2012, New York, NY.
Final Battle 2012: Doomsday
94.5%
12-
14-
2013, New York, NY.
Final Battle 2013
94.4%
12-
18-
2010, New York, NY
Final Battle 2010
92%
5-
12-
2012, Toronto, Ontario
Border Wars: The Battle Lines are Drawn
90.9%
6-
24-
2012, New York, NY
Best in the World 2012: Hostage Crisis
90.9%
12-
23-
2011, New York, NY
Final Battle 2011
87.5%
3-
4-
2012, New York, NY
10th Anniversary Show: Young Wolves Rising
87.3%
6-
26-
2011, New York, NY
Best in the World 2011
86.1%
3-
2-
2013, Chicago Ridge, IL.
11th Anniversary Event
86.1%
6-
22-
2013, Baltimore, MD.
Best in the World 2013
86.1%
6-
19-
2010, Toronto, Ontario
Death Before Dishonor VIII
85.7%
12-
7-
2014, New York, NY.
Final Battle 2014
85.7%
9-
15-
2012, Chicago Ridge, IL
Death Before Dishonor X: State of Emergency
85.5%
10-
13-
2012, Mississauga, Ontario
Glory By Honor XI
85.5%
9-
11-
2010, New York, NY
Glory By Honor IX
83.9%
11-
19-
2011, Chicago Ridge, IL
Glory By Honor X
83.3%
9-
20-
2013, Philadelphia, PA.
Death Before Dishonor XI
83.3%
2-
13-
2010, New York, NY
8th Anniversary Show
83%
3-
30-
2012, Ft. Lauderdale, FL
Showdown in the Sun: Day 1
81.8%
5-
10-
2014, Toronto, Ontario (w/
NJPW)
Global Wars
81%
5-
17-
2014, New York, NY. (w/
NJPW)
War of the Worlds
81%
6-
21-
2014, Nashville, TN.
Best in the World 2014
81%
2-
26-
2011, Chicago Ridge, IL
9th Anniversary Show
80.6%
9-
17-
2011, New York, NY
Death Before Dishonor IX
80.6%
8-
3-
2013, Toronto, Ontario
All-Star Extravaganza V
80.6%
8-
17-
2013, New York, NY.
Manhattan Mayhem V
80.6%
10-
26-
2013, Chicago Ridge, IL.
Glory By Honor XII: Champions vs All-Stars
80.6%
5-
8-
2010, New York, NY
Supercard of Honor V
80.4%
3-
31-
2012, Ft. Lauderdale, FL
Showdown in the Sun: Day 2
80%
4-
3-
2010, Charlotte, NC
The Big Bang
79.5%
4-
28-
2012, Chicago Ridge, IL
Unity
78.2%
4-
5-
2013, New York, NY.
Supercard of Honor VII
77.8%
3-
30-
2013, Asheville, NC.
War
77.8%
3-
19-
2011, New York, NY
Manhattan Mayhem IV
76.4%
5-
21-
2011, Chicago Ridge, IL
Supercard of Honor VI
76.4%
2-
21-
2014, Philadelphia, PA.
12th Anniversary
76.2%
4-
2-
2011, Atlanta, GA
Honor Takes Center Stage - Chapter 2
75%
5-
4-
2013, Toronto, Ontario
Border Wars 2013
75%
7-
11-
2013, Chicago, IL.*
A Night of Hoopla
75%
1-
20-
2012, Philadelphia, PA
The Homecoming 2012
74.5%
Date, Location
Show
% Correct
6-
30-
2012, Belle Vernon, PA
LivE Strong
74.5%
1-
29-
2010, Los Angeles, CA
SoCal Showdown
74.1%
1-
14-
2011, Richmond, VA
Champions vs. All Stars
73.6%
4-
1-
2011, Atlanta, GA
Honor Takes Center Stage - Chapter 1
73.6%
11-
18-
2011, Dayton, OH
Survival of the Fittest 2011
73.6%
11-
12-
2010, Dearborn, MI
Survival of the Fittest 2010
73.2%
6-
15-
2012, Charleston, WV
The Nightmare Begins
72.7%
8-
11-
2012, Providence, RI
Boiling Point 2012
72.7%
10-
6-
2012, Rahway, NJ
Killer Instinct
72.7%
1-
15-
2011, Charlotte, NC
Only the Strong Survive
72.2%
6-
1-
2013, San Antonio, TX.
Honor in the Heart of Texas
72.2%
3-
22-
2014, Dayton, OH.
Flyin' High
71.4%
4-
4-
2014, New Orleans, LA.
Supercard of Honor VIII
71.4%
11-
15-
2014, San Antonio, TX.
Glory By Honor XIII
71.4%
1-
28-
2011, Los Angeles, CA
SoCal Showdown II
69.4%
3-
18-
2011, Plymouth, MA
Defy or Deny
69.4%
5-
6-
2011, Dearborn, MI
ROH Revolution: USA
69.4%
5-
7-
2011, Toronto, Ontario
ROH Revolution: Canada
69.4%
2-
16-
2013, Cincinnati, OH.
Honor vs. Evil
69.4%
5-
11-
2013, Belle Vernon, PA.
Dragon's Reign
69.4%
4-
29-
2012, Dayton, OH
Rising Above 2012
69.1%
7-
22-
2010, Louisville, KY
The Bluegrass Brawl
68.8%
10-
16-
2010, Chicago Ridge, IL
Richards vs Daniels
68.8%
3-
20-
2010, Mississauga, Ontario
Epic Encounter III
67.9%
7-
23-
2010, Collinsville, IL
Hate: Chapter II
67.9%
9-
10-
2010, Plymouth, MA
Fade to Black
67.9%
2-
17-
2012, Cincinnati, OH
Rise & Prove
67.3%
5-
19-
2012, Richmond, VA
The Battle of Richmond
67.3%
7-
14-
2012, Milwaukee, WI
Brew City Beatdown
67.3%
7-
24-
2010, Chicago Ridge, IL
Salvation
67%
12-
17-
2010, Plymouth, MA
Tag Title Classic II
67%
1-
18-
2013, Dearborn, MI.
The Hunt for Gold
66.7%
5-
18-
2013, Richmond, VA.
Relentless
66.7%
9-
28-
2013, Hopkins, MN.
A New Dawn
66.7%
10-
5-
2013, Baltimore, MD.
Charm City Challenge
66.7%
3-
8-
2014, Chicago, IL.
Raising the Bar: Night 2
66.7%
3-
7-
2014, Milwaukee, WI.
Raising the Bar: Night 1
66.7%
9-
6-
2014, Toronto, Ontario
All-Star Extravaganza VI
66.7%
10-
9-
2014, Chicago, IL.*
Michael Bennett's Bachelor Party
66.7%
3-
27-
2010, Phoenix, AZ
Phoenix Rising
66.1%
Date, Location
Show
% Correct
4-
24-
2010, Chicago Ridge, IL
Bitter Friends, Stiffer Enemies II
66.1%
8-
28-
2010, Charlotte, NC
Tag Wars 2010
66.1%
9-
8-
2012, Charlotte, NC
Caged Hostility
65.5%
7-
9-
2011, Charlotte, NC
No Escape
65.3%
11-
13-
2010, Mississauga, Ontario
Fate of an Angel II
64.3%
7-
12-
2013, Milwaukee, WI.
Reclamation: Night 1
63.9%
7-
13-
2013, Dearborn, MI.
Reclamation: Night 2
63.9%
9-
6-
2013, Chattanooga, TN.
The Road to Greatness: Night 1
63.9%
9-
7-
2013, Birmingham, AL.
The Road to Greatness: Night 2
63.9%
11-
2-
2013, Cincinnati, OH.
The Golden Dream
63.9%
11-
15-
2013, Dearborn, MI.
Pursuit: Night 1
63.9%
11-
16-
2013, Columbus, OH.
Pursuit: Night 2
63.9%
3-
26-
2010, Phoenix, AZ
From the Ashes
63.4%
3-
19-
2010, Dearborn, MI
Gold Rush
62.5%
4-
23-
2010, Dayton, OH
Pick Your Poison
62.5%
12-
4-
2011, Greensboro, NC
Northern Aggression
62.5%
2-
8-
2014, San Antonio, TX.
State of the Art
61.9%
6-
6-
2014, Carbondale, IL.
Road to Best in the World: Night 1
61.9%
6-
7-
2014, Collinsville, IL.
Road to Best in the World: Night 2
61.9%
7-
12-
2014, Hopkins, MN.
Summer Heat Tour: Aftershock
61.9%
8-
15-
2014, New York, NY.
Field of Honor
61.9%
8-
22-
2014, Milwaukee, WI.
Death Before Dishonor XII: Night 1
61.9%
8-
23-
2014, Chicago, IL.
Death Before Dishonor XII: Night 2
61.9%
10-
11-
2014, Kalamazoo, MI.
Champions vs All-Stars 2014
61.9%
11-
7-
2014, Columbus, OH.
Survival of the Fittest 2014: Night 1
61.9%
11-
8-
2014, Toledo, OH.
Survival of the Fittest 2014: Night 2
61.9%
1-
21-
2012, Norfolk, VA
ROH Underground
61.8%
6-
18-
2010, Hamburg, NY
Buffalo Stampede II
61.6%
8-
27-
2010, Richmond, VA
Champions Challenge
61.6%
2-
25-
2011, Dayton, OH
World's Greatest
61.1%
6-
8-
2013, Columbus, OH.
Live & Let Die
61.1%
5-
7-
2010, Manassas, VA
Civil Warfare
59.8%
12-
3-
2011, Spartanburg, SC
Southern Defiance
59.7%
1-
19-
2013, Milwaukee, WI.
Defy or Deny II
58.3%
10-
15-
2010, Dayton, OH
Allied Forces
58%
1-
25-
2014, Pittsburgh, PA.
Wrestling's Finest
57.1%
7-
18-
2014, Cincinnati, OH.
Summer Heat Tour: Cincinnati
57.1%
11-
6-
2011, Collinsville, IL
Gateway to Honor
55.6%
7-
8-
2011, Richmond, VA
Tag Team Turmoil 2011
54.2%
Quiz Playlist
Details
Report
Send in Message
Add To Playlist
More Info:
Does not include TV tapings. *Unofficial Event
Classic:
Type in answers that appear in a list
Last Updated: Feb 16, 2017
Quiz Scoreboard
CHALLENGE
Sign Up to Join the Scoreboard
Show All
Scores
Hide
Comments
May contain spoilers
Recently Published
1-10 Letter E Words III
by El_Dandy
Language
2m
Street Fighter Characters
by Artimus82
Gaming
60s
College Basketball Coaching Resumes
by pancakes188
Sports
9m
More to Explore
Quiz From the Vault
Featured Blog Post
Where Did the Easter Bunny Come From?
hide this ad
You Might Also Like...
Tags
honor
Ring
roh
Wrestling
Wrestling Match
Today's Top Quizzes in Sports
Browse Sports
hide this ad
Top Contributed Quizzes in Sports
1
2022 World Cup Stars
2
Les meilleurs buteurs des matchs entre le PSG et l’OM
3
FIFA Club World Cup Champions
4
Les entraîneurs de l'OM et du PSG au 21e siècle
5
Criteria MLB: Left Handed Sluggers
6
2023 MLB Unique Player Accomplishments
7
AFC Teams Reveal (Wrong Answers Minefield)
8
Players with Multiple 50 Home Run Seasons
9
5-to-1: FBS Animal Nicknames
10
5-to-1: UK Sports Teams
Explore More
Trending Topics
Disney
NBA
Harry Potter
Crossword
Kpop
Anime
Marvel
The Office
NFL
Puzzle
Pokémon
Soccer
WWE
Country
Song
hide this ad
More By:
Wedgewes
Quiz
Plays
Rating
Category
Featured
Created
Pokémon - Indigo League
543
5.00
Television
Nov 21, 2015
Pokémon - D/P (Sinnoh League)
387
5.00
Television
Nov 28, 2015
Shimmer Women Athletes by Match Count
355
5.00
Sports
Nov 1, 2015
Pokémon - Advanced (Hoenn League)
324
5.00
Television
Nov 28, 2015
Pokémon - Johto League
319
5.00
Television
Nov 21, 2015
Go to Creator's Profile
Score Distribution
Quiz Creator Spotlight
Wedgewes
Follow
Send a Message
Quizzes Created
-
Created Quiz Play Count
-
More By This Creator
Popular Quizzes Today
1
Find the US States - No Outlines Minefield
2
Find the Countries of Europe - No Outlines Minefield
3
The Countries of the World
4
Find the US States
5
Risky Map Clicking: Biggest States A-Z
6
US States
7
Popular People in 1961
8
Movies - When Are They Set?
More Sports Quizzes
Most Goals In One Premier League Weekend
Curator's Pick
Trending Quizzes
Risky Map Clicking: Least Populous States A-Z
1-10 Letter G Words
1-10 Letter F Words
Countries of the World: 200 Million BC
Risky Map Clicking: Next State Alphabetically
Recently Updated
Most Oscar Losses (Acting)
pecheneg
Beyoncé Albums
pecheneg
Leaping Animals
pecheneg
Reality TV Shows (A-Z)
bhenderson79
Rickey Henderson's Hall of Fame Teammates
pecheneg
Champions League XIs: Arsenal
pecheneg
Quick Pick: Celebrities in WWE's Hall of Fame
aduchscher
A-Z Keypad Blitz II
pecheneg
Multiple Oscar Actors
pecheneg
Mystery Phrase Blitz: Oscar 'Best Actors'
pecheneg
Trending Topics
NBA
Crossword
Anime
Kpop
Disney
Harry Potter
Marvel
WWE
NFL
Puzzle
The Office
Soccer
Country
Song
Pokémon
Your Account Isn't Verified!
In order to create a playlist on Sporcle, you need to verify the email address you used during registration. Go to your
Sporcle Settings
to finish the process.
Report this User
Report this user for behavior that violates our
Community Guidelines
.
Details:
Send Report
Go to the Sporcle.com Mobile Site →
Comments